As capitais de distrito de Portugal - Statistics

General Stats
  • This quiz has been taken 43 times
  • The average score is 15 of 22
Answer Stats
Answer % Correct
Lisboa
95%
Braga
92%
Porto
90%
Coimbra
85%
Faro
85%
Aveiro
82%
Beja
82%
Leiria
79%
Setúbal
79%
Bragança
77%
Évora
77%
Castelo Branco
74%
Guarda
72%
Viseu
72%
Santarém
67%
Portalegre
64%
Viana do Castelo
64%
Funchal
62%
Vila Real
54%
Ponta Delgada
38%
Angra do Heroísmo
18%
Horta
15%
No matching quizzes found
Score Distribution
Percent of People with Each Score
Percentile by Number Answered
Your Score History
You have not taken this quiz